| 000 | 00612nam a22001937a 4500 | ||
|---|---|---|---|
| 005 | 20100806161918.0 | ||
| 010 | _aENG-98541 | ||
| 020 |
_a9788190515542 _c395.00 |
||
| 035 | _aEN-82074 | ||
| 037 | _bDBAD/PUB | ||
| 082 | _a921 | ||
| 100 |
_aPandey, Anita _98050 |
||
| 245 |
_aWorld great educationists / _cby Anita Pandey |
||
| 260 |
_aDelhi _bYogi Publication _c2009 |
||
| 270 |
_a77/1, East Azad nagar _bDelhi _e110051 |
||
| 300 |
_a160p. _c22cm (Hb) |
||
| 942 |
_2ddc _cEN _h921 _mPAN |
||
| 999 |
_c39905 _d39905 |
||